01671cam a22003977a 4500003000500000005001700005008004100022010001000063011001000073035001000083040000900093090001000102100004200112245016400154260004100318300001900359502010800378590003700486590004100523590004100564590004100605590004100646590004200687650003000729650003200759650003400791650003800825901000700863905001300870942000900883949005500892949004200947999001700989952014001006952012701146CHAP20220329142408.0001116d2000 mx o r 00110 spa d a82848 a83820 a94337 cCHAP aTesis00aHernández García, Alberto.95403610aManejo fitosanitario y producción de romerito (Suaeda diffusa wats) en San Andrés Mixquic, Delegación Tláhuac, D.F.c/por Alberto Hernández García. aChapingo, Méx. :bEl autor,c2000. a52 h. :bfots. aTesis (Ing. Agr. Esp. en Parasitología Agrícola) -- UACH. Departamento de Parasitología Agricola. aALEPHb10c20130110lUCH01h1439 aBATCH-UPDb10c20130110lUCH01h0547 aBATCH-UPDb10c20130110lUCH01h2257 aBATCH-UPDb10c20130410lUCH01h0229 aBATCH-UPDb10c20130914lUCH01h1042 aCONVERSIONb10c20130109lUCH01h134614aControl de plagas.92759514aCopitarsia consueta.92788314aCultivosxRendimiento.93031814aRomeritosxMéxico (D.F.)999508 aBK aEdna Luz cFOLL bBCcTESd33724000813515eTS2fc.2h37474i94337si bBCcTESd943371eTS1h37473i94337sb c82848d82848 00102local4053708TESISaBCbBCcPA_TESISd2019-12-31fTESISl0oTesisp33724000813515r2019-12-31 00:00:00tc.2w2019-12-31yTESIS 00102local4051708TESISaBCbBCcPA_TESISd2019-12-31fTESISl0oTesisp943371r2019-12-31 00:00:00w2019-12-31yTESIS